Vplyv deficiencie gama-aminomaslovej kyseliny (GABA) v askomycétnej hube Neurospora crassa

Salvato in:
Dettagli Bibliografici
Autore principale: Kabátová, Frederika (Autore)
Altri autori: Kryštofová, Svetlana (Relatore della tesi)
Natura: Manoscritto Libro
Lingua:slovacco
Pubblicazione: 2024
Soggetti:
Accesso online:http://is.stuba.sk/zp/portal_zp.pl?podrobnosti=176649
Tags: Aggiungi Tag
Nessun Tag, puoi essere il primo ad aggiungerne!!

MARC

LEADER 00000ntm a22000003a 4500
001 stuzp99473
003 SK-STU
005 20240601210822.4
007 ta
008 150427s2015----xo-----f-mn---000-0-slo-d
040 |a STU  |b slo 
041 0 |a slo 
100 1 |a Kabátová, Frederika  |u 043000  |4 aut  |U FCHPT Fakulta chemickej a potravinárskej technológie  |T FCHPT Ústav biochémie a mikrobiológie  |X 121762  |U C3000  |Y 101  |7 121762 
242 0 1 |a The effect of gamma aminobutyric acid (GABA) deficiency in filamentous fungi Neurospora crassa  |y eng 
245 1 0 |a Vplyv deficiencie gama-aminomaslovej kyseliny (GABA) v askomycétnej hube Neurospora crassa 
260 |c 2024 
650 4 |a Neurospora  |2 slo 
650 4 |a metabolóm  |2 slo 
650 4 |a GABA  |2 slo 
650 4 |a glutamátdekarboxyláza  |2 slo 
650 4 |a GABA  |2 eng 
650 4 |a Neurospora  |2 eng 
650 4 |a glutamate decarboxylase  |2 eng 
650 4 |a metabolome  |2 eng 
700 1 |a Kryštofová, Svetlana  |u 043000  |k Z1  |4 ths  |U FCHPT Fakulta chemickej a potravinárskej technológie  |T FCHPT Ústav biochémie a mikrobiológie  |X 55152  |U C3000  |Y 101  |7 A000055152 
856 4 |u http://is.stuba.sk/zp/portal_zp.pl?podrobnosti=176649